Central Library OPAC University of Rajshahi

Financing and problems of development banking / (Record no. 43574)

MARC details
000 -LEADER
fixed length control field 00853nam a2200253 a 4500
001 - CONTROL NUMBER
control field 43574
003 - CONTROL NUMBER IDENTIFIER
rucl marc code BD-RjUL
005 - DATE AND TIME OF LATEST TRANSACTION
control field 20211209053722.0
008 - FIXED-LENGTH DATA ELEMENTS--GENERAL INFORMATION
fixed length control field 160625s1967 nyua 000 0 eng
035 ## - SYSTEM CONTROL NUMBER
System control number (BD-RjUL)43692
040 ## - CATALOGING SOURCE
Original cataloging agency BU
Language of cataloging eng
Transcribing agency BD-RjUL
041 ## - LANGUAGE CODE
Language code of text/sound track or separate title eng
082 14 - DEWEY DECIMAL CLASSIFICATION NUMBER
Classification number 332.153
Author mark and year HOF 1967
100 1# - MAIN ENTRY--PERSONAL NAME
Personal name Houk, J. T. Dock.
9 (RLIN) 133866
245 10 - TITLE STATEMENT
Title Financing and problems of development banking /
Statement of responsibility, etc. by J.T. Dock Houk.
260 ## - PUBLICATION, DISTRIBUTION, ETC. (IMPRINT)
Place of publication, distribution, etc. New York ;
-- London :
Name of publisher, distributor, etc. Praeger,
Date of publication, distribution, etc. 1967.
300 ## - PHYSICAL DESCRIPTION
Pagination xi, 177 p :
Illustrations ill. ;
Size 25 cm.
500 ## - GENERAL NOTE
General note 'Prepared for the Fund for International Cooperative Development'.
650 #0 - SUBJECT ADDED ENTRY--TOPICAL TERM
Topical term or geographic name as entry element Development banks.
9 (RLIN) 129975
710 2# - ADDED ENTRY--CORPORATE NAME
Corporate name or jurisdiction name as entry element Fund for International Cooperative Development.
9 (RLIN) 133867
830 #0 - SERIES ADDED ENTRY--UNIFORM TITLE
Uniform title Praeger special studies in international economics and development
942 ## - ADDED ENTRY ELEMENTS (KOHA)
Source of classification or shelving scheme Dewey Decimal Classification
Koha item type Books
Holdings
Lost status Source of classification or shelving scheme Damaged status Not for loan Collection code Permanent Location Current Location Shelving location Date acquired Source of acquisition Cost, normal purchase price Total Checkouts Full call number Date last seen Copy number Koha item type
  Dewey Decimal Classification     Non-fiction Central Library, University of Rajshahi Central Library, University of Rajshahi   29/10/1968 Zeitlinger 114.00   332.153 HOF 1967 25/06/2016 C-2 Books
  Dewey Decimal Classification     Non-fiction Central Library, University of Rajshahi Central Library, University of Rajshahi   29/10/1968 Zeitlinger 114.00   332.153 HOF 1967 25/06/2016 C-3 Books
  Dewey Decimal Classification     Non-fiction Central Library, University of Rajshahi Central Library, University of Rajshahi   29/10/1968 Zeitlinger 114.00   332.153 HOF 1967 25/06/2016 C-4 Books